| 000 | 00716nam a2200253Ia 4500 | ||
|---|---|---|---|
| 003 | OSt | ||
| 005 | 20220918185055.0 | ||
| 006 | a|||||r|||| 00| 0 | ||
| 007 | ta | ||
| 008 | 220917b |||||||| |||| 00| 0 eng d | ||
| 024 | _a49,476 | ||
| 037 | _cTextual | ||
| 040 |
_aARTS _cARTS _beng |
||
| 041 |
_2eng _aeng |
||
| 082 | _aP:4:(R), J2 (PD) | ||
| 100 |
_aLinsky Leonard Ed. _942320 |
||
| 245 | 0 |
_aSemantics and the philosophy of language _b a collection of readings |
|
| 260 |
_aUrbana _bUniv of Illinois Press _c1952 |
||
| 300 |
_aix,289p. _ccm. |
||
| 500 | _aBib 287-89p | ||
| 650 | _aLINGUISTICS | ||
| 942 |
_hP:4:(R), J2 (PD) _cTEXL _2CC |
||
| 999 |
_c179098 _d179098 |
||